000 00779nam a2200289Ia 4500
005 20260324114442.0
008 008 260324s9999 xx 000 0 eng d
020 _a9781003138051
037 _aEBOOK
040 _aCRL
040 _beng
040 _cCRL
041 _2eng
041 _aeng
084 _qCRL
100 _aMohammed El Amine Abdelli; Nadia Mansour; Atilla Akbaba; Enric Serradell-Lopez
_91150828
245 0 _aSustainability, Big Data, and Corporate Social Responsibility
245 0 _bEvidence from the Tourism Industry
260 _bTaylor and Francis
260 _c2022
365 _a
365 _b275
856 _uhttp://www.taylorfrancis.com/books/9781003138051
942 _cEBOOK
999 _c1741031
_d1741031